书目信息 |
| 题名: |
中韩城市房地产交易法律制度比较研究
|
|
| 作者: | 金玄卿 著 | |
| 分册: | ||
| 出版信息: | 北京 中国人民大学出版社 2012 |
|
| 页数: | 296页 | |
| 开本: | 23cm | |
| 丛书名: | 法学理念·实践·创新丛书 | |
| 单 册: | ||
| 中图分类: | D922.384 , D931.262.3 | |
| 科图分类: | ||
| 主题词: | 房地产--交易--法律--对比研究--中国--韩国 , 房地产 , 交易 , 法律 | |
| 电子资源: | ||
| ISBN: | 978-7-300-13642-4 | |
| 000 | 01095oam2 2200301 450 | |
| 001 | 523 | |
| 005 | 20140908082008.15 | |
| 010 | @a978-7-300-13642-4@dCNY49.80 | |
| 100 | @a20121105d2012 em y0chiy50 ea | |
| 101 | 0 | @achi |
| 102 | @aCN@b110000 | |
| 105 | @ay z 000yy | |
| 106 | @ar | |
| 200 | 1 | @a中韩城市房地产交易法律制度比较研究@AZhong Han Cheng Shi Fang Di Chan Jiao Yi Fa Lu^ Zhi Du Bi Jiao Yan Jiu@f(韩)金玄卿著@F( Han ) Jin Xuan Qing Zhu |
| 210 | @a北京@c中国人民大学出版社@d2012 | |
| 215 | @a296页@d23cm | |
| 225 | 2 | @a法学理念·实践·创新丛书 |
| 330 | @a本书从房地产制度基本问题、房地产权属及相关法律制度、房地产交易中的权属登记等理论和实践出发,进一步阐述中韩城市房地产交易稳定化法律对策以及韩国的“土地公概念”法律制度。 | |
| 461 | 0 | @12001 @a法学理念·实践·创新丛书 |
| 606 | 0 | @a房地产@x交易@x法律@x对比研究@y中国@y韩国 |
| 606 | 0 | @a房地产 |
| 606 | 0 | @a交易 |
| 606 | 0 | @a法律 |
| 690 | @aD922.384@v5 | |
| 690 | @aD931.262.3@v5 | |
| 701 | 0 | @c(韩)@a金玄卿@AJin Xuan Qing@c(女)@4著 |
| 801 | 0 | @aCN@bTANGWEI@c20140603 |
| 905 | @b0838426-28@dD922.384@e1149@f3 | |
| 中韩城市房地产交易法律制度比较研究/(韩)金玄卿著.-北京:中国人民大学出版社,2012 |
| 296页;23cm.-(法学理念·实践·创新丛书) |
| ISBN 978-7-300-13642-4:CNY49.80 |
| 本书从房地产制度基本问题、房地产权属及相关法律制度、房地产交易中的权属登记等理论和实践出发,进一步阐述中韩城市房地产交易稳定化法律对策以及韩国的“土地公概念”法律制度。 |
| ● |
| 相关链接 |
|
|
|
|
正题名:中韩城市房地产交易法律制度比较研究
索取号:D922.384/1149
 
预约/预借
| 序号 | 登录号 | 条形码 | 馆藏地/架位号 | 状态 | 备注 |
| 1 | 0838426 | 208384265 | 第一样本阅览室/ [索取号:D922.384/1149] | 在馆 | |
| 2 | 0838427 | 208384274 | 第一借阅区/ [索取号:D922.384/1149] | 在馆 | |
| 3 | 0838428 | 208384283 | 密集书库-史法系/ [索取号:D922.384/1149] | 在馆 |